OPUS DEI : (Record no. 351893)
[ view plain ]
| 000 -LEADER | |
|---|---|
| fixed length control field | 00658nam a22001937a 4500 |
| 003 - CONTROL NUMBER IDENTIFIER | |
| control field | OSt |
| 005 - DATE AND TIME OF LATEST TRANSACTION | |
| control field | 20180116183057.0 |
| 008 - FIXED-LENGTH DATA ELEMENTS--GENERAL INFORMATION | |
| fixed length control field | 161025b xxu||||| |||| 00| 0 eng d |
| 020 ## - INTERNATIONAL STANDARD BOOK NUMBER | |
| International Standard Book Number | 9780385514507 |
| 040 ## - CATALOGING SOURCE | |
| Transcribing agency | 0 |
| 082 ## - DEWEY DECIMAL CLASSIFICATION NUMBER | |
| Classification number | 267.182 ALL 2005 |
| 100 ## - MAIN ENTRY--PERSONAL NAME | |
| Personal name | Allen,John L. |
| 245 ## - TITLE STATEMENT | |
| Title | OPUS DEI : |
| Remainder of title | An Objective Look Behind The Myths and Reality Of The Most Controversial Force in The Catholic Church |
| Statement of responsibility, etc. | John L.Allen,JR. |
| 260 ## - PUBLICATION, DISTRIBUTION, ETC. | |
| Place of publication, distribution, etc. | Doubleday |
| Name of publisher, distributor, etc. | Image Books |
| Date of publication, distribution, etc. | 2005 |
| 300 ## - PHYSICAL DESCRIPTION | |
| Extent | 403p. |
| Other physical details | PB. |
| 440 ## - SERIES STATEMENT/ADDED ENTRY--TITLE | |
| Title | OPUS DEI :An Objective Look Behind The Myths and Reality Of The Most Controversial Force in The Catholic Church |
| 500 ## - GENERAL NOTE | |
| General note | PB. |
| 942 ## - ADDED ENTRY ELEMENTS (KOHA) | |
| Source of classification or shelving scheme | |
| Koha item type | Book |
| Withdrawn status | Lost status | Source of classification or shelving scheme | Damaged status | Not for loan | Collection code | Permanent Location | Current Location | Shelving location | Date acquired | Total Checkouts | Full call number | Barcode | Date last seen | Date last checked out | Price effective from | Koha item type |
|---|---|---|---|---|---|---|---|---|---|---|---|---|---|---|---|---|
| Central Library (CL) | Central Library (CL) | General Stacks | 10/25/2016 | 1 | 267.182 ALL 2005 | NBSD-2897 | 05/17/2018 | 05/17/2018 | 10/25/2016 | Book |
